Quiz di cultura generale #18 - Statistics

Statistiche generali
  • Questo quiz è stato fatto 1.329 volte
  • Il punteggio medio è 13 su 20
Statistiche sulle risposte
DOMANDA RISPOSTA % Corretto
In spagnolo è detto corazon in italiano? Cuore
98%
Qual è il nome di Picasso? Pablo
98%
Quale modello di Volskwagen prende il nome da uno sport? Golf/Polo
96%
La sua capitale è Varsavia Polonia
92%
Quale tipo di lucertola può cambiare colore? Camaleonte
91%
La Spezia si trova in questa regione Liguria
90%
Qual è la valuta corrente in Giappone? Yen
90%
L'unica squadra italiana ad aver vinto il Triplete Inter
86%
Cantante di "Hello" e "Rolling in the deep" Adele
78%
Ebrea sopravvissuta ai campi di concentramento che attualmente è senatrice a vita Segre/Liliana Segre
78%
Quale isola/nazione si trova a sud dell'India? Sri Lanka
73%
Conduttore italiano con più Festival di Sanremo presentati Pippo Baudo/Baudo
65%
Chi era l'amante della regina Ginevra (moglie del re Artù)? Lancillotto
61%
A quale nazione europea apparteneva l'Indonesia? Olanda/Paesi Bassi
58%
Lo stato più grande dopo la Russia che apparteneva all'URSS? Kazakistan
48%
Generale italiano che sostituì Cadorna e portò alla vittoria contro l'Austria-Ungheria Armando Diaz/Diaz
40%
Quale nazione ha intrapreso una guerra contro il Regno Unito nel 1982? Argentina
38%
Chi ha recitato nel film "A star is born" cantando in duetto anche la sigla? Cooper
25%
Grande lago situato nell'ex URSS che oggi è quasi totalmente prosciugato Aral
19%
Vinse il concorso del 1401 per la piastrella della porta nord del battistero di Firenze Ghiberti
11%
Nessun quiz corrispondente trovato
Distribuzione punteggi
Percentuale di utenti per punteggio
Percentile per numero di risposta
I tuoi punteggi nel tempo
Non hai fatto questo quiz